|
LDR
| 02318nam a22005655i 4500 |
|---|
| 001 | 39774 |
|---|
| 003 | CONS |
|---|
| 005 | 20130725203231.0 |
|---|
| 007 | cr nn 008mamaa |
|---|
| 008 | 101208s2010 gw | s |||| 0|eng d |
|---|
| 020 | | . |
‡a9783642177460
‡9978-3-642-17746-0 |
|---|
| 024 | 7 | . |
‡a10.1007/978-3-642-17746-0
‡2doi |
|---|
| 035 | | . |
‡a(DE-He213)978-3-642-17746-0 |
|---|
| 050 | | 4. |
‡aTK5105.5-5105.9 |
|---|
| 072 | | 7. |
‡aUKN
‡2bicssc |
|---|
| 072 | | 7. |
‡aCOM075000
‡2bisacsh |
|---|
| 100 | 1 | . |
‡aPatel-Schneider, Peter F.
‡eeditor. |
|---|
| 245 | 1 | 4. |
‡aThe Semantic Web – ISWC 2010
‡h[electronic resource] :
‡b9th International Semantic Web Conference, ISWC 2010, Shanghai, China, November 7-11, 2010, Revised Selected Papers, Part I /
‡cedited by Peter F. Patel-Schneider, Yue Pan, Pascal Hitzler, Peter Mika, Lei Zhang, Jeff Z. Pan, Ian Horrocks, Birte Glimm. |
|---|
| 264 | | 1. |
‡aBerlin, Heidelberg :
‡bSpringer Berlin Heidelberg,
‡c2010. |
|---|
| 300 | | . |
‡aXXI, 833p.
‡bonline resource. |
|---|
| 336 | | . |
‡atext
‡btxt
‡2rdacontent |
|---|
| 337 | | . |
‡acomputer
‡bc
‡2rdamedia |
|---|
| 338 | | . |
‡aonline resource
‡bcr
‡2rdacarrier |
|---|
| 347 | | . |
‡atext file
‡bPDF
‡2rda |
|---|
| 490 | 1 | . |
‡aLecture Notes in Computer Science,
‡x0302-9743 ;
‡v6496 |
|---|
| 650 | | 0. |
‡aComputer science. |
|---|
| 650 | | 0. |
‡aComputer Communication Networks. |
|---|
| 650 | | 0. |
‡aDatabase management. |
|---|
| 650 | | 0. |
‡aData mining. |
|---|
| 650 | | 0. |
‡aInformation storage and retrieval systems. |
|---|
| 650 | | 0. |
‡aInformation systems. |
|---|
| 650 | 1 | 4. |
‡aComputer Science. |
|---|
| 650 | 2 | 4. |
‡aComputer Communication Networks. |
|---|
| 650 | 2 | 4. |
‡aInformation Systems Applications (incl.Internet). |
|---|
| 650 | 2 | 4. |
‡aData Mining and Knowledge Discovery. |
|---|
| 650 | 2 | 4. |
‡aInformation Storage and Retrieval. |
|---|
| 650 | 2 | 4. |
‡aDatabase Management. |
|---|
| 650 | 2 | 4. |
‡aComputers and Society. |
|---|
| 700 | 1 | . |
‡aPan, Yue.
‡eeditor. |
|---|
| 700 | 1 | . |
‡aHitzler, Pascal.
‡eeditor. |
|---|
| 700 | 1 | . |
‡aMika, Peter.
‡eeditor. |
|---|
| 700 | 1 | . |
‡aZhang, Lei.
‡eeditor. |
|---|
| 700 | 1 | . |
‡aPan, Jeff Z.
‡eeditor. |
|---|
| 700 | 1 | . |
‡aHorrocks, Ian.
‡eeditor. |
|---|
| 700 | 1 | . |
‡aGlimm, Birte.
‡eeditor. |
|---|
| 710 | 2 | . |
‡aSpringerLink (Online service) |
|---|
| 773 | 0 | . |
‡tSpringer eBooks |
|---|
| 776 | 0 | 8. |
‡iPrinted edition:
‡z9783642177453 |
|---|
| 830 | | 0. |
‡aLecture Notes in Computer Science,
‡x0302-9743 ;
‡v6496 |
|---|
| 856 | 4 | 0. |
‡uhttp://biblioteca.ipicyt.edu.mx:2048/login?url=http://dx.doi.org/10.1007/978-3-642-17746-0
‡yTexto completo
‡9CONS |
|---|
| 950 | | . |
‡aComputer Science (Springer-11645) |
|---|
| 901 | | . |
‡a39774
‡b
‡c39774
‡tbiblio
‡sSystem Local |
|---|